Ensayos psicolójicos y literarios
Saved in:
| Main Author: | |
|---|---|
| Format: | Book |
| Language: | Spanish |
| Published: |
Roma
Tipografía Cuggiani
1912
|
| Subjects: | |
| Tags: |
Add Tag
No Tags, Be the first to tag this record!
|
MARC
| LEADER | 00000nam a2200000 a 4500 | ||
|---|---|---|---|
| 001 | UCI4810 | ||
| 003 | CL-VaPUC | ||
| 008 | 080307e19120000IT |||||||||||||||||spa|d | ||
| 082 | 0 | 4 | |a Ch864 |b MAC |2 21 |
| 100 | |a Mackenna Eyzaguirre, Juan |e autor |9 526858 | ||
| 245 | 1 | 0 | |a Ensayos psicolójicos y literarios |
| 300 | |a 245 p | ||
| 942 | |c BK | ||
| 945 | |d 20080307 00:00:00 |a rbrito | ||
| 260 | |a Roma |b Tipografía Cuggiani |c 1912 | ||
| 500 | |a Donación padres capuchinos | ||
| 650 | 0 | |a Ensayos chilenos |9 269132 | |
| 583 | |a last modification |c 20080307 00:00:00 |k Rodrigo Vera | ||
| 999 | |c 328657 |d 328655 | ||
| 952 | |0 0 |1 0 |4 0 |6 CH_864_000000000000000_MAC_1912 |7 0 |8 X |9 412727 |a FDOBUD |b FDOBUD |d 2019-11-22 |i 4409000 |o Ch864 MAC 1912 |p 4409000 |r 2019-11-22 |w 2019-11-22 |y BK_X |k BUD | ||